| Tag |
First Indicator |
Second Indicator |
Subfields |
| LEADER |
00000cam a2200000 a 4500 |
| 001 |
in00000084378 |
| 005 |
20151008061344.0 |
| 008 |
810206s1981 mnu b s001 0 eng |
| 010 |
|
|
|a 81000872
|
| 020 |
|
|
|a 0816610568 :
|c $25.00
|
| 020 |
|
|
|a 9780816610563
|
| 020 |
|
|
|a 0816610576 (pbk.) :
|c $9.95
|
| 020 |
|
|
|a 9780816610570 (pbk.)
|
| 029 |
1 |
|
|a NLGGC
|b 811012182
|
| 029 |
1 |
|
|a NLGGC
|b 060853360
|
| 029 |
1 |
|
|a NLGGC
|b 092442056
|
| 035 |
|
|
|a (OCoLC)ocm07282205
|
| 035 |
|
|
|a (OCoLC)07282205
|
| 035 |
|
|
|9 AAJ7877AM
|
| 035 |
|
|
|a (OCoLC)7282205
|
| 040 |
|
|
|a DLC
|c DLC
|d MUQ
|d BAKER
|d NLGGC
|d LAS
|d TXA
|d UtOrBLW
|
| 049 |
|
|
|a TXAM
|c [388208]
|
| 050 |
0 |
0 |
|a BH301.M4
|b P48
|
| 082 |
0 |
|
|a 415
|2 19
|
| 084 |
|
|
|a 08.34
|2 bcl
|
| 245 |
0 |
0 |
|a Philosophical perspectives on metaphor /
|c Mark Johnson, editor.
|
| 264 |
|
1 |
|a Minneapolis :
|b University of Minnesota Press,
|c [1981]
|
| 264 |
|
4 |
|c ©1981
|
| 300 |
|
|
|a xiii, 361 pages ;
|c 23 cm.
|
| 336 |
|
|
|a text
|b txt
|2 rdacontent
|
| 337 |
|
|
|a unmediated
|b n
|2 rdamedia
|
| 338 |
|
|
|a volume
|b nc
|2 rdacarrier
|
| 504 |
|
|
|a Bibliography: pages 329-352.
|
| 500 |
|
|
|a Includes index.
|
| 505 |
0 |
0 |
|g Introduction : metaphor in the philosophical tradition /
|r Mark Johnson --
|t The philosophy of rhetoric /
|r I.A. Richards --
|t Metaphor /
|r Max Black --
|g Metaphor /
|r Paul Henle --
|t The metaphorical twist /
|r Monroe C. Beardsley --
|t Languages of art /
|r Nelson Goodman --
|t On the truth and probity of metaphor /
|r Timothy Binkley --
|t Identifying metaphors /
|r Ina Loewenberg --
|t Figurative speech and figurative acts /
|r Ted Cohen --
|t What metaphors mean /
|r Donald Davidson --
|t Metaphor as moonlighting /
|r Nelson Goodman --
|t The methaphorical process as cognition, imagination, and feeling /
|r Paul Ricoeur --
|g Metaphor /
|r John R. Searle --
|t Conceptual metaphor in everyday language /
|r George Lakoff and Mark Johnson.
|
| 650 |
|
0 |
|a Metaphor.
|
| 700 |
1 |
|
|a Johnson, Mark,
|d 1949-
|
| 938 |
|
|
|a Baker & Taylor
|b BKTY
|c 12.95
|d 9.71
|i 0816610576
|n 0000040671
|s active
|
| 994 |
|
|
|a C0
|b TXA
|
| 999 |
|
|
|a MARS
|
| 999 |
f |
f |
|s 77c83485-ff82-3628-8fb2-bf95031ae985
|i 0c0b83cf-5466-31a9-b1e8-25aabe6b6140
|t 0
|
| 952 |
f |
f |
|p ric
|a Texas A&M University
|b Rellis Campus
|c Joint Library Facility
|d Remote Storage
|t 0
|e BH301.M4 P48
|h Library of Congress classification
|i unmediated -- volume
|m A14806088760
|
| 998 |
f |
f |
|a BH301.M4 P48
|t 0
|l Remote Storage
|